000 00863nam a22002055i 4500
001 151404
003 ES-MaACL
005 20230906204011.0
008 010329s1888 sp |||| | spa d
040 _aCCPB | B
_bspa
_cCCPB | B
100 1 _aAlderete de Ansótegui, Severino.
_9125598
245 1 0 _aGuía eclesiástica de España para 1888 /
_cpor Severino Alderete, Emilio Piñuela y José Villar.
260 _aMadrid :
_b[s.n.],
_c1888 (
_fimprenta de Lucas Polo)
300 _aVIII, 1295 p. ;
_c18 cm.
610 2 4 _aIglesia Católica-
_zEspaña-
_vDirectorios.
_9148042
650 0 4 _aClero-
_zEspaña-
_yS.XIX.
_911117
700 1 2 _aPiñuela, Emilio.
_tGuía eclesiástica de España para 1888.
_9131200
700 1 2 _aVillar, José.
_tGuía eclesiástica de España para 1888.
_9133752
852 _aES-MaACL
_jR-3077-80 Olim:G-7067-74
_z-- Enc. piel grab.
999 _c151404
_d151404